L' Afrique et la revolution
Αποθηκεύτηκε σε:
| Κύριος συγγραφέας: | |
|---|---|
| Μορφή: | Βιβλίο |
| Γλώσσα: | French |
| Δημοσίευση: |
Paris :
Presence Africaine,
[19--?].
|
| Θέματα: | |
| Ετικέτες: |
Προσθήκη ετικέτας
Δεν υπάρχουν, Καταχωρήστε ετικέτα πρώτοι!
|
MARC
| LEADER | 00000cam a2200000 a 4500 | ||
|---|---|---|---|
| 001 | 1/121223 | ||
| 008 | 200409nyyyy####fr ||||||| |||| ||fre|| | ||
| 040 | |a GR-MyUa |b gre |c GR-MyUa |e AACR2 | ||
| 041 | 0 | |a fre | |
| 082 | 7 | |a 320.96 |2 (23) | |
| 100 | 1 | |a Toure, Ahmed Sekou, |d 1922-1984. | |
| 245 | 1 | 2 | |a L' Afrique et la revolution / |c Ahmed Sekou Toure. |
| 260 | |a Paris : |b Presence Africaine, |c [19--?]. | ||
| 300 | |a 398 σ. ; |c 23 εκ. | ||
| 651 | 0 | |a Africa |x Politics and government |y 1960- | |
| 852 | |a INST |b LESVOS |e 20200409 |h 320.96 TOU |p 005100062516 |q 005100062516 |t BK |y 0 | ||
| 920 | |a Φατούρος Α.-Φραγκουδάκη Α. |y Λέσβος |z 2012-03 | ||
| 970 | |a Δημάκη |b Μαρία |z 09-04-2020 | ||